000 00418nam a2200157 i 4500
001 20929
003 ES-MaACL
005 20230906152405.0
007 t|
008 021119s1845 xxk ||||1| eng d
100 1 _aAdshead, Joseph.
_918487
245 1 0 _aPrisons and prisoners /
_cby Joseph Adshead.
260 _aLondon :
_bG. D. A. Falkner,
_c1845.
300 _aXVII, 320 p. ;
_c22 cm.
852 _aES-MaACL
_jC-2433
999 _c20929
_d20929